00513 2200193 4500001002100000005001500021035002000036007000300056008004100059020002200100082000800122084001400130100001700144245005000161250001100211260004800222300003200270650001700302INLIS00000000000142420220119083034 a0010-0122000001ta220119 d f ind  a978-602-03-3546-9 a823 a823 PAT t0 aPatrick Ness1 aThe Rest Of Us Just Live Here /cPatrick Ness aCet. 1 aJakarta :bPT Gramedia Pustaka Utama,c2017 a288 hlm. ;c13,5 cm x 20 cm aNovel Remaja